| 000 | 00920nam a22002417a 4500 | ||
|---|---|---|---|
| 005 | 20170124102953.0 | ||
| 010 | _a532819 | ||
| 020 | _c00.00 | ||
| 035 | _aA-581085 | ||
| 037 | _bCen Lib/Ret | ||
| 040 |
_aDPL _bHN |
||
| 082 |
_aक _bशर्मार |
||
| 100 |
_aशर्मा, रमेशचन्द्र _99690 |
||
| 245 |
_aपग्धाव्नियाँ : _cरमेशचन्द्र शर्मा _bकहानी संग्रह / |
||
| 246 |
_aPagdhavniyan : kahani sangarh / _bby Rameshchndra Sharma |
||
| 260 |
_a _bकुमार्संज़ |
||
| 300 |
_a135पृ. _c16सेमी(सजिल्द ) |
||
| 650 |
_aहिंदी साहित्य _x _z _952128 |
||
| 650 |
_aहिंदी कहानियां _92082 |
||
| 650 |
_aHindi literature _v _952129 |
||
| 650 |
_aHindi stories _952130 |
||
| 942 |
_2ddc _cHN _hक _mशर्मार |
||
| 999 |
_c113412 _d113412 |
||